| 000 -LEADER |
| fixed length control field |
03521cam a22003732 b4500 |
| 001 - CONTROL NUMBER |
| control field |
7700090 |
| 003 - CONTROL NUMBER IDENTIFIER |
| control field |
USPCAS-E |
| 005 - DATE AND TIME OF LATEST TRANSACTION |
| control field |
20180118181422.0 |
| 006 - FIXED-LENGTH DATA ELEMENTS--ADDITIONAL MATERIAL CHARACTERISTICS |
| fixed length control field |
m d |
| 007 - PHYSICAL DESCRIPTION FIXED FIELD--GENERAL INFORMATION |
| fixed length control field |
cr n |
| 008 - FIXED-LENGTH DATA ELEMENTS--GENERAL INFORMATION |
| fixed length control field |
001107e20010130moua s|||||||| 2|eng|d |
| 020 ## - INTERNATIONAL STANDARD BOOK NUMBER |
| International Standard Book Number |
9780121897109 |
| 020 ## - INTERNATIONAL STANDARD BOOK NUMBER |
| International Standard Book Number |
0121897109 |
| Terms of availability |
USD 143.00 Retail Price (Publisher) |
| 024 3# - OTHER STANDARD IDENTIFIER |
| Standard number or code |
9780121897109 |
| 035 ## - SYSTEM CONTROL NUMBER |
| System control number |
(WaSeSS)ssj0000261644 |
| 037 ## - SOURCE OF ACQUISITION |
| Source of stock number/acquisition |
00991439 |
| 040 ## - CATALOGING SOURCE |
| Original cataloging agency |
BIP US |
| Modifying agency |
WaSeSS |
| Transcribing agency |
. |
| 050 #4 - LIBRARY OF CONGRESS CALL NUMBER |
| Classification number |
TK7872.T74M53 2001 |
| 082 00 - DEWEY DECIMAL CLASSIFICATION NUMBER |
| Classification number |
621.319 |
| Edition number |
21 |
| Author Mark |
MIA-T 2001 |
| 100 1# - MAIN ENTRY--PERSONAL NAME |
| Personal name |
Miano, Giovanni |
| Relator term |
Author |
| 210 10 - ABBREVIATED TITLE |
| Abbreviated title |
Transmission Lines and Lumped Circuits |
| 245 10 - TITLE STATEMENT |
| Title |
Transmission Lines and Lumped Circuits |
| Remainder of title |
Fundamentals and Applications |
| 260 ## - PUBLICATION, DISTRIBUTION, ETC. |
| Name of publisher, distributor, etc. |
Academic Press [Imprint] |
| Date of publication, distribution, etc. |
Jan. 2001 |
| Place of publication, distribution, etc. |
San Diego : |
| Name of publisher, distributor, etc. |
Elsevier Science & Technology Books |
| 440 #0 - SERIES STATEMENT/ADDED ENTRY--TITLE |
| Title |
Electromagnetism Ser. |
| 502 ## - DISSERTATION NOTE |
| Dissertation note |
. |
| 506 ## - RESTRICTIONS ON ACCESS NOTE |
| Terms governing access |
License restrictions may limit access. |
| 520 8# - SUMMARY, ETC. |
| Summary, etc. |
Annotation |
| Expansion of summary note |
The theory of transmission lines is a classical topic of electrical engineering. Recently this topic has received renewed attention and has been a focus of considerable research. This is because the transmisson line theory has found new and important applications in the area of high-speed VLSI interconnects, while it has retained its significance in the area of power transmission. In many applications, transmission lines are connected to nonlinear circuits. For instance, interconnects of high-speed VLSI chips can be modelled as transmission lines loaded with nonlinear elements. These nonlinearities may lead to many new effects such as instability, chaos, generation of higher order harmonics, etc. The mathematical models of transmission lines with nonlinear loads consist of the linear partial differential equations describing the current and voltage dynamics along the lines together with the nonlinear boundary conditions imposed by the nonlinear loads connected to the lines. These nonlinear boundary conditions make the mathematical treatment very difficult. For this reason, the analysis of transmission lines with nonlinear loads has not been addressed adequately in the existing literature. The unique and distinct feature of the proposed book is that it will present systematic, comprehensive, and in-depth analysis of transmission lines with nonlinear loads.* A unified approach for the analysis of networks composed of distributed and lumped circuits* A simple, concise and completely general way to present the wave propagation on transmission lines, including a thorough study of the line equations in characteristic form* Frequency and time domain multiport representations of any linear transmission line* A detailed analysis of the influence on the line characterization of the frequency and space dependence of the line parameters* A rigorous study of the properties of the analytical and numerical solutions of the network equations* The associated discrete circuits and the associated resisitive circuits of transmission lines* Periodic solutions, bifurcations and chaos in transmission lines connected to noninear lumped circuits |
| 521 ## - TARGET AUDIENCE NOTE |
| Target audience note |
Scholarly & Professional |
| Source |
Elsevier Science & Technology Books |
| 700 1# - ADDED ENTRY--PERSONAL NAME |
| Personal name |
Maffucci, Antonio |
| Relator term |
Author |
| 773 #0 - HOST ITEM ENTRY |
| Title |
Referex Electronics and Electrical Engineering |
| 856 40 - ELECTRONIC LOCATION AND ACCESS |
| Uniform Resource Identifier |
<a href="http://www.columbia.edu/cgi-bin/cul/resolve?clio7700090">http://www.columbia.edu/cgi-bin/cul/resolve?clio7700090</a> |
| Public note |
Full text available from Referex Electronics and Electrical Engineering |
| 910 ## - USER-OPTION DATA (OCLC) |
| User-option data |
Bowker Global Books in Print record |
| 942 ## - ADDED ENTRY ELEMENTS (KOHA) |
| Source of classification or shelving scheme |
|
| Koha item type |
Book |